000
00316nam a2200121Ia 4500
100
_a
Iipe
942
_c
RB
654
_a
Course Materials
245
_a
Course Material For ISO 9000 Audit As A Tool For Achieving And Sustaining ISO 9000 Certifaction
260
_b
Iipe
_a
Bangalore
546
_a
ENGLISH
999
_c
28016
_d
28016